| 000 | 00564nam a2200193 a 4500 | ||
|---|---|---|---|
| 005 | 20240323063633.0 | ||
| 008 | 991125s1960 mx 000 0 spa u | ||
| 035 | _aUPN01000007703 | ||
| 049 | _aCG | ||
| 050 | 4 |
_aDF235 _bS3.28 |
|
| 100 | 1 | _aSarton, George | |
| 245 | 1 | 0 |
_aCiencia antigua y civilización moderna / _cGeorge Sarton ; tr. de Concha Albornoz. |
| 260 |
_aMéxico : _bFCE, _c1960. |
||
| 300 | _a132 p. | ||
| 440 | 0 |
_aBreviarios del Fondo de Cultura Económica ; _v155 |
|
| 651 | 4 |
_aGrecia _xCivilización _96890 |
|
| 650 | 4 | _aHELENISMO | |
| 905 | _aLibro | ||
| 999 |
_c7703 _d7703 |
||